Representación y liderazgo en las democracias contemporáneas

Збережено в:
Бібліографічні деталі
Автор: Novaro, Marcos
Формат: Текст
Опубліковано: Buenos Aires: HomoSapiens Ediciones
Предмети:
Теги: Додати тег
Немає тегів, Будьте першим, хто поставить тег для цього запису!

MARC

LEADER 00000 a a2200000 04500
001 31141
003
040 |a CRAI/IIS  |c CRAI/IIS 
020 |a 950-808-271-2  
090 |a 197703  
100 |a Novaro, Marcos  
245 |a Representación y liderazgo en las democracias contemporáneas  
260 |a Buenos Aires:   |b HomoSapiens Ediciones  
300 |a 300 p.  
650 |a POLITICA  
650 |a REPRESENTACION DE LOS TRABAJADORES  
650 |a DEMOCRACIA  
650 |a LIDERAZGO POLITICO  
650 |a NACIONALES  
650 |a IDEOLOGIAS POLITICAS  
999 |c 15347  |d 15347